Comme ça se prononce (click quiz) - Statistiques

Statistiques générales
  • Ce quiz a été pris 96 fois
  • Le résultat moyen est 7 sur 8
Statistiques - réponses
Hint Réponse % Correct
Pépédéa Ppda
99%
Déesseka Dsk
97%
Odeka Odk
97%
Pédébé Pdb
96%
Béhachel Bhl
94%
Jipéhesse Jps
83%
Jiailegé Jlg
80%
Jiailté Jlt
74%
Aucun quiz correspondant
Distribution des résultats
% des personnes avec chaque résultat
Percentile par nombre de réponses
Votre historique - résultats
Vous n’avez pas pris ce quiz